Представление документа в формате MARC21

Поле Инд. ПП Название Значение
Тип записи a
Библиографический уровень b
001 Контрольный номер RU/IS/BASE/253721333
005 Дата корректировки 20220715140325.8
008 Кодируемые данные 20080115
040 b Код языка каталог. rus
e Правила каталог. PSBO
041 0_ a Код языка текста rus
084 a Индекс другой классификации/Индекс ББК 60.545.1
100 1_ a Автор Мыльников М. А.
q Полное имя Мыльников Максим Анатольевич
245 10 a Заглавие Современные диаспоры в глобальном коммуникационном пространстве
504 a Библиография Библиогр. ссылки. - Примеч.
520 a Аннотация В статье рассматриваются взаимоотношения этнических диаспор с принимающим государством, а также с государством исхода в современных условиях глобализации
650 a Основная рубрика социология
a Основная рубрика этносоциология
a Основная рубрика социология групп
653 1_ a Ключевые слова диаспоры
a Ключевые слова Израиль
a Ключевые слова Китай
a Ключевые слова коммуникации
a Ключевые слова США
773 0_ t Заглавие источника Вестник Московского университета. Серия 18, Социология и политология
d Дата издания источника 2007
g Прочая информация № 2. - С. 45 - 55
w Контрольный № источника RU/IS/BASE/242834490
901 t Тип документа b